banner koha

Barragens subterrâneas no semiárido brasileiro: análise histórica e metodologias de construção (Registro n. 237525)

MARC details
000 -LÍDER
campo de controle de tamanho fixo 01014nas a2200313 4500
001 - NÚMERO DE CONTROLE
campo de controle BR2014003634
003 - IDENTIFICADOR DO NÚMERO DE CONTROLE
campo de controle BR-BrBNA
005 - DATA E HORÁRIO DA ÚLTIMA TRANSAÇÃO
campo de controle 20231205124138.0
007 - CAMPO FIXO DE DESCRIÇÃO FÍSICA--INFORMAÇÃO GERAL
campo de controle de tamanho fixo ta
008 - CAMPO DE DADOS FIXOS--INFORMAÇÃO GERAL
campo de controle de tamanho fixo 230509b bl.|||p| |||| 00| 00por d
040 ## - FONTE DA CATALOGAÇÃO
Instituição da catalogação original BR-BrBNA
Idioma da catalogação por
Instituição que transcreveu o registro Biblioteca Nacional de Agricultura
041 ## - CÓDIGO DE IDIOMA
Código do idioma do texto/trilha sonora ou título diferente (Pt)
072 ## - CÓDIGO DE CATEGORIA DE ASSUNTO
Código de Categoria de Assunto N10; P10
100 1# - ENTRADA PRINCIPAL--NOME PESSOAL
Nome pessoal Lima, A. de O.
100 1# - ENTRADA PRINCIPAL--NOME PESSOAL
Nome pessoal Dias, N. da S.
100 1# - ENTRADA PRINCIPAL--NOME PESSOAL
Nome pessoal Ferreira Neto, M.
100 1# - ENTRADA PRINCIPAL--NOME PESSOAL
Nome pessoal Santos, J.E.J. dos
100 1# - ENTRADA PRINCIPAL--NOME PESSOAL
Nome pessoal Rego, P.R. do A.
100 1# - ENTRADA PRINCIPAL--NOME PESSOAL
Nome pessoal Lima-Filho, F.P.
245 1# - TÍTULO
Título Barragens subterrâneas no semiárido brasileiro: análise histórica e metodologias de construção
650 ## - ASSUNTO--TERMO TÓPICO
Cabeçalho tópico ou nome geográfico AGRICULTURA FAMILIAR
650 ## - ASSUNTO--TERMO TÓPICO
Cabeçalho tópico ou nome geográfico RECURSO HÍDRICO
650 ## - ASSUNTO--TERMO TÓPICO
Cabeçalho tópico ou nome geográfico ÁGUAS PLUVIAIS
650 ## - ASSUNTO--TERMO TÓPICO
Cabeçalho tópico ou nome geográfico ENGENHARIA CIVIL
773 0# - ENTRADA ANALÍTICA
Título Irriga (Brazil)
ISSN - International Standard Serial Number ISSN 1808-3765
Partes relacionadas (Apr-Jun 2013), V. 18(2) p. 200-211
Número de controle do registro BR2014003634
856 40 - LOCALIZAÇÃO ELETRÔNICA E ACESSO
Uniform Resource Identifier <a href="http://irriga.fca.unesp.br/index.php/irriga/article/view/549/360">http://irriga.fca.unesp.br/index.php/irriga/article/view/549/360</a>
909 ## -
-- 202311
-- Lúcia
-- 55
-- Lúcia Elande
942 ## - ELEMENTOS DE ENTRADA ADICIONADOS (KOHA)
Fonte da classificação ou esquema de arquivamento na estante Classificação AGRIS
Ocultar no OPAC Não
Tipo de material Koha Analítica
Exemplares
Situação do descarte Fonte da classificação ou esquema de arquivamento na estante Situação física Não pode ser emprestado Biblioteca de origem Biblioteca atual Localização na estante Enumeração do periódico / cronologia Total de empréstimos Data de último acesso Número do exemplar Tipo de material Koha Fonte de aquisição
  Classificação AGRIS   Consulta local Biblioteca Nacional de Agricultura - Binagri Biblioteca Nacional de Agricultura - Binagri   (Apr-Jun 2013), V. 18(2) p. 200-211   29/11/2023 01 Periódicos Portaria Interministerial nº 164/94

BINAGRI

Telefone: (61)3218-2567/2388/3357/2097 - binagri@agro.gov.br

Ministério da Agricultura e Pecuária , Esplanada dos Ministérios, Bloco D, Anexo B, Brasília/DF, CEP: 70.043-900